Foucault o la ética y la práctica de la libertad. Dinamitar espejismos y propiciar insumisiones (Record no. 170929)

MARC details
000 -CABECERA
campo de control de longitud fija 01560nab a2200301 a 4500
005 - FECHA Y HORA DE LA ÚLTIMA TRANSACCIÓN
campo de control 20210219162148.0
008 - ELEMENTOS DE LONGITUD FIJA--INFORMACIÓN GENERAL
campo de control de longitud fija 991125s1985 mx 000 0 spa u
035 ## - NÚMERO DE CONTROL DEL SISTEMA
Número de control de sistema UPN01000198828
049 ## - COLECCIÓN
Colección ART-E
100 1# - ASIENTO PRINCIPAL--NOMBRE PERSONAL
Nombre de persona Ibáñez Gracia, Tomás
100 1# - ASIENTO PRINCIPAL--NOMBRE PERSONAL
Filiación tomasibanez@telefonica.net
222 ## - TÍTULO CLAVE
Título clave ATHENEA DIGITAL : REVISTA DE PENSAMIENTO E INVESTIGACION SOCIAL
245 ## - MENCIÓN DE TÍTULO
Título Foucault o la ética y la práctica de la libertad. Dinamitar espejismos y propiciar insumisiones
260 ## - PUBLICACIÓN, DISTRIBUCIÓN, ETC.
Lugar de publicación, distribución, etc. España
300 ## - DESCRIPCIÓN FÍSICA
Extensión 3-18
362 0# - FECHAS DE PUBLICACIÓN Y/O DESIGNACIÓN SECUENCIAL
Fecha de publicación y/o designación secuencial 2014 Vol. 14, no. 2
336 ## - TIPO DE CONTENIDO
Término de tipo de contenido texto$2rdacontent
337 ## - TIPO DE MEDIO
Nombre/término del tipo de medio computadora$2rdamedia
338 ## - TIPO DE SOPORTE
Nombre/término del tipo de soporte recurso en linea$2rdacarrier
520 3# - NOTA DE RESUMEN, ETC.
Sumario, etc. Este año se cumplen treinta años de la muerte de Michel Foucault y su obra sigue vigente con singular poderío en el conjunto del pensamiento social. Sus conceptos e intuiciones no sólo no ha envejecido, sino que parecen potenciarse singularmente al interior de los activismos y de las modulaciones de la tradición libertaria y anarquista. Repasamos aquí, de manera sintética y sin pretensiones engañosas, las "invariantes" foucaultianas sobre el poder, la resistencia, la ética y la política, y sostenemos que son una sugerente "caja de herramientas" para dinamitar espejismos y propiciar la insumisión y las prácticas de libertad.
653 0# - TERMINO DE INDIZACION - NO CONTROLADO
Término no controlado ETICA
653 0# - TERMINO DE INDIZACION - NO CONTROLADO
Término no controlado PODER
653 0# - TERMINO DE INDIZACION - NO CONTROLADO
Término no controlado SUBJETIVIDAD
653 0# - TERMINO DE INDIZACION - NO CONTROLADO
Término no controlado LIBERTAD
856 4# - LOCALIZACIÓN Y ACCESO ELECTRÓNICOS
Identificador Uniforme del Recurso <a href="http://atheneadigital.net/article/view/v14-n2-iba%C3%B1ez/pdf">http://atheneadigital.net/article/view/v14-n2-iba%C3%B1ez/pdf</a>
905 ## - TIPO DE MATERIAL
Tipo de material Articulo

No items available.